KMK peringkat zon tengah [ 11 September 1993

Bibliographic Details
Corporate Authors: Institut Penilaian Negara, Jabatan Penilaian dan Perkhidmatan Harta
Format: Book
Published: Bangi : Institut Penilaian Negara , 1993
Subjects:

MARC

LEADER 00000cam a2200000 7i4500
001 0000021964
005 20080630.0
040 |a INS 
090 0 0 |a VCD 1414 
245 0 0 |a KMK peringkat zon tengah [  |h cakera video] :   |b 11 September 1993 
260 |a Bangi :   |b Institut Penilaian Negara ,   |c 1993 
300 |a 1 cakera video(120 min.) :   |b wrn., bny. ;   |c 4 3/4 in. ;   |c 1/2 in. 
500 |a Juga terdapat dalam format VHS 424 
650 0 0 |a Teams in the workplace 
710 1 |a Institut Penilaian Negara 
710 1 |a Jabatan Penilaian dan Perkhidmatan Harta 
999 |a VCD0001414   |b VIDEO CD   |c Media Collection   |e Default branch